[Event "FS Dortmund-SV Ahlen"]
[Site "?"]
[Date "2023.10.29"]
[Round "2.5"]
[White "Busche, Klaus"]
[Black "Grube, JÃ¶rg"]
[Result "1/2-1/2"]
[WhiteElo "1948"]
[BlackElo "1835"]
[PlyCount "89"]
[EventDate "2023.??.??"]
[SourceDate "2023.11.07"]
[WhiteTeam "SV Ahlen 1954 e. V."]
[BlackTeam "Freier SPVER8 Dort"]

1. d4 Nf6 2. Bf4 e6 3. e3 c5 4. c3 cxd4 5. exd4 b6 6. Nd2 Be7 7. h3 O-O 8. Ngf3
d6 9. Be2 Ba6 10. O-O Bxe2 11. Qxe2 Qc8 12. a4 Qa6 13. Rfe1 Qxe2 14. Rxe2 Na6
15. Nc4 Rfd8 16. Ne3 Nc7 17. Nc2 a6 18. Ree1 b5 19. axb5 axb5 20. Nb4 Ncd5 21.
Nxd5 Nxd5 22. Bd2 Rdc8 23. Kf1 h6 24. Ke2 Nb6 25. b3 Kf8 26. Kd3 Ke8 27. Rec1
Kf8 28. Kc2 Ke8 29. Kb2 Kd7 30. Rxa8 Rxa8 31. Ra1 Rxa1 32. Kxa1 Bf8 33. Kb2 Be7
34. Kc2 Bf8 35. Kd3 Be7 36. Be3 Bf6 37. c4 bxc4+ 38. bxc4 Kc6 39. Nd2 Be7 40.
f4 Nd7 41. Nf3 h5 42. g4 hxg4 43. hxg4 Nf6 44. g5 Nh5 45. Bd2 {(=)} 1/2-1/2

[Event "FS Dortmund-SV Ahlen"]
[Site "?"]
[Date "2023.10.29"]
[Round "2.6"]
[White "Schläger, Reiner"]
[Black "Jäger, Niklas"]
[Result "0-1"]
[WhiteElo "1596"]
[BlackElo "1840"]
[PlyCount "52"]
[EventDate "2023.??.??"]
[SourceDate "2023.11.07"]
[WhiteTeam "Freier SPVER8 Dort"]
[BlackTeam "SV Ahlen 1954 e. V."]

1. e4 e6 2. d4 d5 3. e5 c5 4. Nf3 cxd4 5. Nxd4 Nc6 6. f4 Bc5 7. c3 Qb6 8. Bb5
Nge7 9. Be3 Bxd4 10. Bxc6+ Nxc6 11. cxd4 Qxb2 12. Nd2 Nb4 13. Rb1 Nc2+ 14. Kf2
Qxa2 15. Qe2 b6 16. Nf3 Ba6 17. Qd2 Bc4 18. Kg3 Nxe3 19. Qxe3 O-O 20. Nh4 Qe2
21. Qa3 Qd3+ 22. Qxd3 Bxd3 23. Rb3 Bc4 24. Rf3 a5 25. f5 b5 26. f6 g5 0-1

[Event "FS Dortmund-SV Ahlen"]
[Site "?"]
[Date "2023.10.29"]
[Round "2.7"]
[White "Starp, Klaus"]
[Black "Schulz-Runge, Michael"]
[Result "0-1"]
[WhiteElo "1874"]
[BlackElo "1737"]
[PlyCount "82"]
[EventDate "2023.??.??"]
[SourceDate "2023.11.07"]
[WhiteTeam "SV Ahlen 1954 e. V."]
[BlackTeam "Freier SPVER8 Dort"]

1. e4 c5 2. Nf3 a6 3. c3 e6 4. d4 d5 5. e5 Nc6 6. Be2 cxd4 7. cxd4 Bb4+ 8. Nc3
Qa5 9. Qd3 Nge7 10. O-O Bd7 11. Bd2 Ng6 12. g3 Be7 13. a3 O-O 14. h4 f6 15. h5
Nh8 16. b4 Qd8 17. exf6 Bxf6 18. Rae1 Nf7 19. Bd1 Ne7 20. Bc2 g6 21. Kg2 Nh8
22. Bh6 Rf7 23. Ng5 Bxg5 24. Bxg5 Qf8 25. Qd2 Nf5 26. hxg6 Nxg6 27. Rh1 Rc8 28.
g4 Nd6 29. Bxg6 hxg6 30. Rh6 Rh7 31. Rxg6+ Rg7 32. Bh6 Rxg6 33. Bxf8 Rxf8 34.
f3 Nf7 35. Kg3 Ng5 36. f4 Nf7 37. Rh1 Nd6 38. Qh2 Rg7 39. Qh6 Nf5+ 40. Kf3 Nxh6
41. Rxh6 Rgf7 0-1

[Event "FS Dortmund-SV Ahlen"]
[Site "?"]
[Date "2023.10.29"]
[Round "2.8"]
[White "Surmann, Christoph"]
[Black "Nattermüller, Matthias"]
[Result "1-0"]
[WhiteElo "1825"]
[BlackElo "1829"]
[PlyCount "92"]
[EventDate "2023.??.??"]
[SourceDate "2023.11.07"]
[WhiteTeam "Freier SPVER8 Dort"]
[BlackTeam "SV Ahlen 1954 e. V."]

1. d4 f5 2. Nf3 Nf6 3. Bf4 g6 4. e3 Bg7 5. h4 h6 6. Ne5 d6 7. Nxg6 Rh7 8. Bc4
c5 9. c3 cxd4 10. cxd4 e6 11. h5 Nc6 12. Nc3 a6 13. a3 Qc7 14. Qa4 Bd7 15. Nb5
axb5 16. Qxa8+ Nd8 17. Bb3 Kf7 18. Nh4 Nxh5 19. Bxd6 Qxd6 20. Qxd8 Bf6 21. Nxf5
Qc6 22. Qa5 Kg6 23. Nh4+ Kf7 24. Nf3 Ng7 25. Qc3 Qb6 26. Qd3 Rh8 27. Bc2 Ke7
28. Nh4 Rc8 29. Ng6+ Kf7 30. Rxh6 Nf5 31. Rh7+ Kxg6 32. Rxd7 Qc6 33. g4 Qxd7
34. gxf5+ exf5 35. Ke2 Re8 36. Rg1+ Kf7 37. Bb3+ Ke7 38. Rh1 Kd8 39. Kd2 f4 40.
Rh7 fxe3+ 41. fxe3 Qg4 42. Qxb5 Qg2+ 43. Qe2 Qg3 44. Rh5 Re7 45. Rd5+ Kc8 46.
Qc4+ Rc7 1-0

[Event "Eichlinghofen- Annen"]
[Site "?"]
[Date "2023.10.29"]
[Round "3.1"]
[White "Dahlbeck, Mirko"]
[Black "Scholz, Christian"]
[Result "0-1"]
[WhiteElo "1997"]
[BlackElo "2260"]
[PlyCount "138"]
[SourceDate "2023.11.07"]

1. e4 c5 2. Nf3 d6 3. Bb5+ Nd7 4. c3 a6 5. Ba4 Ngf6 6. Qe2 e5 7. d4 b5 8. Bc2
Be7 9. O-O O-O 10. a4 Rb8 11. d5 c4 12. Nfd2 Nc5 13. axb5 axb5 14. b3 cxb3 15.
Nxb3 Na4 16. Bd2 Qc7 17. Rc1 Bd7 18. Bd3 Nb2 19. Na3 Nxd3 20. Qxd3 Ra8 21. c4
bxc4 22. Rxc4 Qd8 23. Qc3 Ne8 24. Na5 Bg5 25. Nc6 Bxd2 26. Qxd2 Qh4 27. Qc3 Qg5
28. Qg3 Qd2 29. Qc3 Qxc3 30. Rxc3 g6 31. Rb1 f5 32. exf5 gxf5 33. Rb7 Rf7 34.
f3 Nf6 35. Nb4 Ra5 36. Nc4 Rc5 37. Rc2 Rf8 38. Nxd6 Rxc2 39. Nxc2 Rd8 40. Nb4
Be6 41. dxe6 Rxd6 42. e7 Kf7 43. Rb5 Rd1+ 44. Kf2 Rd2+ 45. Ke3 Rb2 46. g3 Rxb4
47. e8=Q+ Kxe8 48. Rxe5+ Kf7 49. Rxf5 Ke6 50. Ra5 Nd5+ 51. Kd3 Ke5 52. f4+ Ke6
53. Ra6+ Kf7 54. Ra5 Nf6 55. Rf5 Rb2 56. Ke3 Rxh2 57. g4 Kg6 58. Rg5+ Kh6 59.
Kf3 Rh3+ 60. Kg2 Ra3 61. Rb5 Nxg4 62. Rg5 Nf6 63. Rb5 Kg6 64. Rg5+ Kf7 65. Rb5
h5 66. Kf2 h4 67. Rb8 Ng4+ 68. Kg2 h3+ 69. Kf1 Ra1+ 0-1

[Event "Eichlinghofen- Annen"]
[Site "?"]
[Date "2023.10.29"]
[Round "3.2"]
[White "Watzlawek, Markus"]
[Black "Mainka, Gregor"]
[Result "0-1"]
[WhiteElo "2015"]
[BlackElo "2094"]
[PlyCount "82"]
[SourceDate "2023.11.07"]

1. d4 e6 2. c4 Nf6 3. g3 d5 4. Bg2 Bb4+ 5. Bd2 Be7 6. Nf3 c6 7. Qc2 Nbd7 8. O-O
Ne4 9. Nc3 f5 10. e3 O-O 11. Ne2 g5 12. Rad1 Bf6 13. Bb4 Re8 14. Ne1 a5 15. Ba3
Bg7 16. f3 Nef6 17. Nd3 b6 18. Ne5 Bb7 19. c5 Nxe5 20. dxe5 Nd7 21. f4 Nxc5 22.
Bxc5 bxc5 23. e4 Ba6 24. Rf2 Qd7 25. exf5 exf5 26. Qxc5 gxf4 27. gxf4 Bf8 28.
Qc2 Qa7 29. Nd4 Bc5 30. Rfd2 Kh8 31. Kh1 Bxd4 32. Rxd4 Qd7 33. Qc3 Rg8 34. e6
Qg7 35. R4d3 Bxd3 36. Qxg7+ Kxg7 37. Rxd3 Kf6 38. Rc3 Rac8 39. Rc5 Kxe6 40.
Rxa5 Ra8 41. Rc5 Kd6 0-1

[Event "Eichlinghofen- Annen"]
[Site "?"]
[Date "2023.10.29"]
[Round "3.3"]
[White "Wicht, Juergen"]
[Black "Brockmann, Michael"]
[Result "1/2-1/2"]
[WhiteElo "2021"]
[BlackElo "2045"]
[PlyCount "43"]
[SourceDate "2023.11.07"]

1. d4 Nf6 2. g3 e6 3. Bg2 c5 4. Nf3 Nc6 5. O-O Be7 6. c4 cxd4 7. Nxd4 Qc7 8.
Nb5 Qb8 9. Bf4 e5 10. Bg5 O-O 11. N1c3 a6 12. Bxf6 Bxf6 13. Nd6 Be7 14. Nxc8
Qxc8 15. Nd5 Bc5 16. a3 a5 17. Rb1 Qd8 18. Qd2 a4 19. e3 d6 20. Rfd1 f5 21. Nc3
Kh8 22. Nb5 1/2-1/2

[Event "Eichlinghofen- Annen"]
[Site "?"]
[Date "2023.10.29"]
[Round "3.4"]
[White "Schuette, Tobias"]
[Black "Herrmann, Uwe"]
[Result "1-0"]
[WhiteElo "1988"]
[BlackElo "1873"]
[PlyCount "73"]
[SourceDate "2023.11.07"]

1. g3 Nf6 2. Bg2 d5 3. f4 Bf5 4. d3 e6 5. Nf3 h6 6. O-O Bc5+ 7. e3 O-O 8. h3 c6
9. g4 Bh7 10. Qe1 Nfd7 11. Kh1 Qe7 12. Nc3 Na6 13. a3 Nc7 14. e4 f5 15. e5 g6
16. g5 h5 17. Na4 b5 18. Nxc5 Nxc5 19. Nd4 Na4 20. b3 Nb6 21. Nxc6 Qc5 22. Nb4
a5 23. d4 Qe7 24. Nc6 Qd7 25. Nxa5 Rfc8 26. Bd2 Kg7 27. c4 bxc4 28. bxc4 Qa4
29. Bb4 Ra6 30. c5 Nd7 31. Nb7 Nb5 32. Qe3 Nb8 33. Rfb1 Nc6 34. Nd6 Rb8 35.
Nxb5 Rxb5 36. Bf1 Rxb4 37. axb4 1-0

[Event "Eichlinghofen- Annen"]
[Site "?"]
[Date "2023.10.29"]
[Round "3.5"]
[White "Zadow, Ralf"]
[Black "Dreier, Daniel"]
[Result "1-0"]
[WhiteElo "1848"]
[BlackElo "1930"]
[PlyCount "55"]
[SourceDate "2023.11.07"]

1. e4 e5 2. Bc4 b5 3. Bb3 Nf6 4. Qe2 Nc6 5. c3 Bc5 6. Nf3 Qe7 7. d3 h6 8. Nbd2
O-O 9. Nh4 Kh7 10. Nf5 Qd8 11. Nf3 d5 12. g4 dxe4 13. dxe4 Nxg4 14. Ng5+ hxg5
15. Qxg4 Bxf5 16. Qxf5+ g6 17. Qh3+ Kg7 18. Bd5 Qf6 19. Qg3 g4 20. h4 Rae8 21.
Bg5 Qd6 22. h5 f6 23. Bh6+ Kxh6 24. hxg6+ Kg7 25. Rh7+ Kxg6 26. Qh2 Bxf2+ 27.
Kf1 Kg5 28. Qh6# 1-0

[Event "Eichlinghofen- Annen"]
[Site "?"]
[Date "2023.10.29"]
[Round "3.6"]
[White "Wloka, Sebastian"]
[Black "Hartung, Thomas"]
[Result "1-0"]
[WhiteElo "1913"]
[BlackElo "1840"]
[PlyCount "69"]
[SourceDate "2023.11.07"]

1. d4 Nf6 2. Bg5 e6 3. e4 h6 4. Bxf6 Qxf6 5. Nc3 Bb4 6. Qd2 O-O 7. f4 c5 8. a3
cxd4 9. axb4 dxc3 10. bxc3 b6 11. Nf3 Bb7 12. Bd3 d5 13. e5 Qe7 14. O-O Nc6 15.
Nd4 f5 16. Nb5 a6 17. Nd6 b5 18. g4 g6 19. Rf3 Nd8 20. gxf5 gxf5 21. Rh3 Nf7
22. Nxf7 Qxf7 23. Rxh6 Qg7+ 24. Qg2 Qxg2+ 25. Kxg2 Rae8 26. Kf2 Kg7 27. Rh3 Rh8
28. Rg1+ Kf7 29. Rgg3 Rxh3 30. Rxh3 Kg7 31. Ke3 Rc8 32. Kd4 Rc7 33. Be2 Rc8 34.
Rg3+ Kf7 35. h4 1-0

[Event "Eichlinghofen- Annen"]
[Site "?"]
[Date "2023.10.29"]
[Round "3.7"]
[White "Daemmrich, Lars"]
[Black "Richter, Jan"]
[Result "0-1"]
[WhiteElo "1958"]
[BlackElo "1912"]
[PlyCount "88"]
[SourceDate "2023.11.07"]

1. e4 c5 2. Nf3 d6 3. d4 cxd4 4. Nxd4 Nf6 5. Nc3 g6 6. Be2 Nc6 7. Be3 Bg7 8. f3
O-O 9. Qd2 d5 10. exd5 Nxd5 11. Nxc6 bxc6 12. Nxd5 cxd5 13. c3 Qc7 14. O-O Rb8
15. Rac1 Rd8 16. b3 a5 17. Rfd1 e5 18. b4 Be6 19. b5 a4 20. b6 Qe7 21. Rb1 Bc8
22. Rb4 Ra8 23. Bf2 Bb7 24. Qc2 a3 25. Ra4 Rxa4 26. Qxa4 Ra8 27. Qb5 Rc8 28.
Qb3 Bf8 29. Kh1 Kh8 30. Re1 f6 31. Be3 Qd6 32. f4 Qc6 33. Bd2 Bc5 34. fxe5 fxe5
35. Bg4 Re8 36. Be3 d4 37. Bf3 e4 38. cxd4 exf3 39. dxc5 fxg2+ 40. Kg1 Qxc5 41.
Qd3 Kg8 42. Re2 Qf5 43. Qd1 Qf3 44. Qe1 Ba6 0-1

[Event "Eichlinghofen- Annen"]
[Site "?"]
[Date "2023.10.29"]
[Round "3.8"]
[White "Scholz, Benedict"]
[Black "Leckebusch, Hans Peter"]
[Result "1-0"]
[WhiteElo "1924"]
[BlackElo "1664"]
[Annotator "daniel"]
[PlyCount "77"]
[SourceDate "2023.11.07"]

1. e4 e6 2. d4 d5 3. Nd2 c5 4. Ngf3 Nc6 5. exd5 Qxd5 6. Bc4 Qd8 7. Nb3 cxd4 8.
O-O Nf6 9. Nbxd4 Nxd4 10. Nxd4 a6 11. c3 Bc5 12. Be3 Qc7 13. Bb3 O-O 14. Qe2
Rd8 15. Rad1 Nd5 $11 16. Bg5 Be7 17. Bxe7 Nxe7 18. f4 Kf8 19. Qh5 h6 20. Kh1
Nd5 21. f5 Nf6 22. Qf3 e5 23. Nc2 Bd7 24. Nb4 Bb5 25. Rfe1 e4 26. Qh3 Rxd1 27.
Bxd1 Rd8 28. Nc2 Qf4 29. Nd4 Qd2 30. Qe3 Qxb2 31. a4 Be8 32. Bc2 Rc8 33. Bxe4
Nxe4 34. Qxe4 Qxc3 35. f6 Bxa4 36. fxg7+ Kg8 37. Nf5 Re8 38. Qxe8+ Bxe8 39.
Rxe8+ 1-0

[Event "Borbeck- Hamm"]
[Site "?"]
[Date "2023.10.29"]
[Round "3.1"]
[White "Ackermann, Hans Werner"]
[Black "Loyen, Egbert"]
[Result "1-0"]
[WhiteElo "2167"]
[BlackElo "2119"]
[Annotator "daniel"]
[PlyCount "149"]
[SourceDate "2023.11.07"]

1. b3 d5 2. Bb2 Nf6 3. Nf3 e6 4. e3 Bd6 5. c4 O-O 6. Nc3 Re8 7. d4 b6 8. Qc2 a6
9. a3 Bb7 10. Be2 Nbd7 11. O-O c5 12. cxd5 exd5 13. Rfd1 Qe7 14. Qf5 Qe6 15.
Bd3 Rac8 16. Qxe6 fxe6 17. dxc5 bxc5 18. Nd2 Ne5 $11 19. Bb1 Red8 20. h3 g5 21.
Ne2 Kf7 22. Ra2 h6 23. Rc1 Nc6 24. Nf3 Rc7 25. Bc3 e5 26. Bf5 Bc8 27. Bxc8
Rdxc8 28. Ng3 Ke6 29. Rd1 d4 30. exd4 cxd4 31. Be1 Nd5 32. Ne4 Nf4 33. Kh2 Be7
34. g3 Ng6 35. b4 Na7 36. Re2 Kf7 37. Bd2 Nb5 38. a4 Nc3 39. Nxc3 dxc3 40. Bc1
Bxb4 41. Nxe5+ Nxe5 42. Rxe5 Re7 43. Rxe7+ Kxe7 44. Kg2 Rc4 45. Kf3 c2 46. Rd3
Bc5 47. Rd2 Kf7 48. Re2 Rxa4 49. Rxc2 Bd6 50. Rc6 Ke6 51. Rc8 Kf7 52. Be3 Be7
53. Rc7 Ke8 54. Rc6 h5 55. Re6 Kf7 56. Re5 Bf6 57. Rc5 g4+ 58. Kg2 gxh3+ 59.
Kxh3 Kg6 60. Rc6 Kf5 61. Rc7 Re4 62. Rh7 Bd4 63. Bxd4 Rxd4 64. Rxh5+ Kg6 65.
Ra5 Rd6 66. f4 Rb6 67. Kh4 Kg7 68. g4 Rb4 69. f5 Rb6 70. Kg5 Kf7 71. Rc5 Rb4
72. Rc7+ Ke8 73. Ra7 Rb6 74. f6 Rc6 75. Kg6 1-0

[Event "Borbeck- Hamm"]
[Site "?"]
[Date "2023.10.29"]
[Round "3.2"]
[White "Hillenbrand, Michael"]
[Black "Spyrou, Emmanouil"]
[Result "0-1"]
[WhiteElo "2095"]
[BlackElo "2152"]
[PlyCount "58"]
[SourceDate "2023.11.07"]

1. c4 g6 2. g3 Bg7 3. Bg2 e5 4. Nc3 d6 5. e3 f5 6. d4 Nc6 7. Nge2 Nf6 8. dxe5
dxe5 9. Qxd8+ Nxd8 10. b3 c6 11. Ba3 Ne6 12. Bd6 e4 13. h3 Nd7 14. O-O Ne5 15.
Rac1 Bd7 16. Rc2 O-O-O 17. Rd1 Rhe8 18. Nf4 Ng5 19. Bxe5 Bxe5 20. Nce2 Ne6 21.
Nxe6 Bxe6 22. Rcd2 Rxd2 23. Rxd2 a5 24. Kf1 Kc7 25. Nd4 Bd7 26. a3 Bd6 27. Nc2
Be6 28. Ke1 a4 29. Nd4 Bf7 0-1

[Event "Borbeck- Hamm"]
[Site "?"]
[Date "2023.10.29"]
[Round "3.3"]
[White "Schlaap, Ralf"]
[Black "Klasmeier, Jens"]
[Result "0-1"]
[WhiteElo "2097"]
[BlackElo "2048"]
[PlyCount "68"]
[SourceDate "2023.11.07"]

1. d4 Nf6 2. c4 c5 3. d5 b5 4. cxb5 a6 5. bxa6 g6 6. Nc3 Bg7 7. e4 O-O 8. Nf3
Qa5 9. Bd2 Bxa6 10. Be2 Qb4 11. Bxa6 Nxa6 12. Qc2 Qc4 13. Bc1 Ng4 14. Kd1 Bxc3
15. bxc3 Qxe4 16. Qd2 Nf6 17. Re1 Qa4+ 18. Qc2 Nxd5 19. Bd2 Qxc2+ 20. Kxc2 e6
21. Ne5 f6 22. Nc4 Ne7 23. a4 Rab8 24. a5 Rfd8 25. Nb6 Kf7 26. Reb1 d5 27. Kb3
e5 28. Ka4 Nc7 29. Bc1 c4 30. Ba3 d4 31. cxd4 Ned5 32. Nxd5 Nxd5 33. Rxb8 Rxb8
34. Bc5 Nc3+ 0-1

[Event "Borbeck- Hamm"]
[Site "?"]
[Date "2023.10.29"]
[Round "3.4"]
[White "Dewenter, Ulf"]
[Black "Hufelschulte, Norbert"]
[Result "1/2-1/2"]
[WhiteElo "2054"]
[BlackElo "2009"]
[PlyCount "83"]
[SourceDate "2023.11.07"]

1. e4 c5 2. Nf3 d6 3. Bb5+ Nc6 4. O-O Bd7 5. Re1 a6 6. Bxc6 Bxc6 7. d4 cxd4 8.
Nxd4 e6 9. c4 Rc8 10. Nc3 Be7 11. Bf4 Nf6 12. Nd5 O-O 13. Nxc6 Rxc6 14. Nxe7+
Qxe7 15. b3 b5 16. cxb5 axb5 17. Qd3 Qb7 18. Bxd6 Rd8 19. e5 Ne8 20. Red1 Qb6
21. Rac1 Rxc1 22. Rxc1 f6 23. Qh3 f5 24. Bb4 Qd4 25. Qc3 Qxc3 26. Bxc3 Rc8 27.
Kf1 Rc6 28. a3 Nc7 29. Bb2 Rxc1+ 30. Bxc1 Kf7 31. Bd2 Ke8 32. Ke2 Kd7 33. Kd3
Kc6 34. Kd4 Nd5 35. g3 Kb6 36. f3 Ne7 37. f4 Nc6+ 38. Kd3 Ne7 39. Kd4 Nc6+ 40.
Kd3 Ne7 41. Kd4 Nc6+ 42. Kd3 1/2-1/2

[Event "Borbeck- Hamm"]
[Site "?"]
[Date "2023.10.29"]
[Round "3.5"]
[White "Brieger, Sebastian"]
[Black "Korste, Sebastian"]
[Result "0-1"]
[WhiteElo "1919"]
[BlackElo "1996"]
[PlyCount "56"]
[SourceDate "2023.11.07"]

1. e4 e6 2. d4 d5 3. Nd2 Nf6 4. e5 Nfd7 5. Bd3 c5 6. c3 Nc6 7. Ne2 cxd4 8. cxd4
f6 9. exf6 Nxf6 10. O-O Bd6 11. Nf3 O-O 12. Bf4 Nh5 13. Bg3 Nxg3 14. Nxg3 g6
15. Re1 Bd7 16. a3 Qb6 17. Be2 Rxf3 18. gxf3 Rf8 19. Qd3 Nxd4 20. Bd1 e5 21.
Re3 Bc6 22. Ne2 Nf5 23. Ng3 Nxe3 24. fxe3 Qxb2 25. Rb1 Qxa3 26. Bb3 Qc5 27. Kg2
Kh8 28. h4 Rxf3 0-1

[Event "Borbeck- Hamm"]
[Site "?"]
[Date "2023.10.29"]
[Round "3.6"]
[White "Poetter, Clemens"]
[Black "Woertler, Lars- Erik"]
[Result "1/2-1/2"]
[WhiteElo "1986"]
[BlackElo "1914"]
[PlyCount "60"]
[SourceDate "2023.11.07"]

1. d4 Nf6 2. c4 c5 3. e3 e6 4. Nf3 Be7 5. dxc5 Bxc5 6. Nc3 Nc6 7. a3 a5 8. Be2
O-O 9. O-O d5 10. cxd5 Nxd5 11. Nxd5 exd5 12. Qc2 Qb6 13. Bd2 d4 14. Ng5 g6 15.
e4 Be7 16. Kh1 Qc5 17. Qxc5 Bxc5 18. f4 h6 19. Nf3 Re8 20. Bd3 Bb6 21. Rae1 Kg7
22. h3 Bd7 23. g4 Rad8 24. Kg2 Re7 25. Kg3 f6 26. h4 Bc7 27. g5 hxg5 28. hxg5
fxg5 29. Nxg5 Rh8 30. Rh1 Ree8 1/2-1/2

[Event "Borbeck- Hamm"]
[Site "?"]
[Date "2023.10.29"]
[Round "3.7"]
[White "Fluegel, Thomas"]
[Black "Klasmeier, Hartmut"]
[Result "0-1"]
[WhiteElo "1764"]
[BlackElo "1905"]
[Annotator "daniel"]
[PlyCount "116"]
[SourceDate "2023.11.07"]

1. d4 e6 2. e4 d5 3. Nc3 Bb4 4. e5 c5 5. a3 Bxc3+ 6. bxc3 Nc6 7. Nf3 Bd7 8. Be2
Qc7 9. O-O O-O-O 10. a4 f6 11. exf6 Nxf6 12. Bg5 Rdf8 13. Bb5 Ne4 14. c4 Rxf3
15. Qxf3 Nxg5 16. Qg4 h6 17. dxc5 e5 18. Qg3 d4 19. Rfe1 e4 20. Qxc7+ Kxc7 21.
h4 Nf7 22. Rxe4 Nfd8 23. Rae1 g6 24. f3 $11 Bf5 25. Bxc6 Nxc6 26. R4e2 h5 27.
Rd2 Rd8 28. Kf2 Nb4 29. Ree2 Rd7 30. g4 hxg4 31. fxg4 Bxg4 32. Re4 Bf5 33.
Rexd4 Rxd4 34. Rxd4 Bxc2 35. a5 Nd3+ 36. Ke3 Nxc5 37. Rd5 Kc6 38. Kd4 Nd7 39.
h5 gxh5 40. Rxh5 a6 41. Rh6+ Kc7 42. Kc3 Bf5 43. Kb4 Nb8 44. Kc5 Nc6 45. Rf6
Bd7 46. Rf7 Nxa5 47. Kb4 Nc6+ 48. Kc3 Ne5 49. Rg7 Kd6 50. Kb4 Nd3+ 51. Ka5 Kc6
52. Rg5 Be6 53. Rg6 Nc5 54. Kb4 b6 55. Rh6 Kd6 56. Rh5 Nd3+ 57. Kc3 Ne5 58. Rh6
Nxc4 0-1

[Event "Borbeck- Hamm"]
[Site "?"]
[Date "2023.10.29"]
[Round "3.8"]
[White "Strauß, Dirk"]
[Black "Boelling, Andreas"]
[Result "1-0"]
[WhiteElo "1888"]
[BlackElo "1755"]
[PlyCount "83"]
[SourceDate "2023.11.07"]

1. d4 Nf6 2. Nf3 g6 3. Bf4 Bg7 4. e3 c5 5. c3 Qb6 6. Qb3 d5 7. dxc5 Qxc5 8.
Nbd2 O-O 9. Be2 Nc6 10. h3 Re8 11. Bh2 h6 12. O-O a5 13. a4 Nd7 14. Nd4 Nce5
15. Nb5 Nb6 16. Qa3 Qc6 17. Rac1 Nbc4 18. Nxc4 dxc4 19. Rfd1 Bf5 20. Nd4 Qc8
21. Nxf5 gxf5 22. Rd5 Qe6 23. Rcd1 Rec8 24. Rb5 Rd8 25. Qa1 b6 26. Qb1 Kf8 27.
Bxe5 Bxe5 28. Bf3 Rac8 29. Bb7 Rb8 30. Bd5 Qd7 31. Bf3 Qe6 32. Bd5 Qd7 33. Bf3
Qe6 34. Rdd5 f6 35. Qd1 Rdc8 36. g4 Kg7 37. Qc2 f4 38. Qe4 fxe3 39. Qxe3 Rh8
40. Bd1 Kf7 41. Bc2 Bc7 42. Bg6+ 1-0

[Event "Brambauer- Bönen"]
[Site "?"]
[Date "2023.10.29"]
[Round "3.1"]
[White "Schlottmann, Fabian"]
[Black "Schulz, Hartmut"]
[Result "1-0"]
[WhiteElo "2303"]
[BlackElo "2018"]
[Annotator "daniel"]
[PlyCount "105"]
[SourceDate "2023.11.07"]

1. d4 Nf6 2. Bg5 c5 3. Bxf6 gxf6 4. d5 Qb6 5. Nd2 f5 6. Ngf3 Bg7 7. Rb1 d6 8.
c3 Nd7 9. g3 Nf6 10. Bg2 Qa6 11. Qb3 Bd7 12. O-O O-O 13. Rfe1 e6 14. Ng5 e5 15.
e4 h6 16. Ngf3 fxe4 $11 17. Nxe4 Nxe4 18. Rxe4 f5 19. Ree1 b5 20. a3 Qb6 21.
Bh3 Qd8 22. Nh4 Qf6 23. Qd1 Rf7 24. Kh1 Raf8 25. Rf1 Qg5 26. f4 exf4 27. Rxf4
Be5 28. Nf3 Qg7 29. Nxe5 dxe5 30. Rh4 Qg5 31. Qf3 Kh7 32. Re1 Re8 33. Qf2 Qe7
34. Rd1 Qd6 35. Qe3 Kg7 36. b3 f4 37. Qe2 Bxh3 38. Rxh3 f3 39. Qe4 Qg6 40. Rh4
Qxe4 41. Rxe4 Kg6 42. Kg1 Rf5 43. Kf2 h5 44. c4 a6 45. Rd3 bxc4 46. bxc4 Rb8
47. Rd2 Kf6 48. Re3 Ke7 49. Rxf3 Rxf3+ 50. Kxf3 Rb3+ 51. Ke4 Rxa3 52. d6+ Kd7
53. Kxe5 1-0

[Event "Brambauer- Bönen"]
[Site "?"]
[Date "2023.10.29"]
[Round "3.2"]
[White "Remmler, Volker"]
[Black "Moenkemeyer, Maik"]
[Result "1-0"]
[WhiteElo "1984"]
[BlackElo "1911"]
[PlyCount "23"]
[SourceDate "2023.11.07"]

1. c4 c6 2. Nf3 d5 3. e3 e6 4. b3 Nf6 5. Bb2 Nbd7 6. d4 Bd6 7. Bd3 O-O 8. Nbd2
Re8 9. Ne5 Nf8 10. f4 N6d7 11. Qh5 f6 12. Bxh7+ 1-0

[Event "Brambauer- Bönen"]
[Site "?"]
[Date "2023.10.29"]
[Round "3.3"]
[White "Merz, Martin"]
[Black "Koth, Stefan"]
[Result "1-0"]
[WhiteElo "1944"]
[BlackElo "2039"]
[PlyCount "95"]
[SourceDate "2023.11.07"]

1. d4 d5 2. c4 c6 3. Nf3 dxc4 4. e3 b5 5. a4 e6 6. axb5 cxb5 7. b3 Bb7 8. bxc4
bxc4 9. Bxc4 Qc7 10. Bb5+ Bc6 11. Qc2 Bd6 12. Na3 Ne7 13. Bd2 O-O 14. Bxc6
Nbxc6 15. O-O Rfc8 16. Rfc1 Qd7 17. Qa4 h6 18. Nc4 Nd5 19. Nxd6 Qxd6 20. Qa6
Nb6 21. Rc5 Rc7 22. Rac1 Rac8 23. h3 f6 24. Qa2 Kh8 25. Qc2 Nd7 26. Ba5 Nxc5
27. Bxc7 Rxc7 28. dxc5 Qe7 29. Qa4 e5 30. Nh4 Kg8 31. Nf5 Qd7 32. g4 Kh7 33.
Rd1 Qf7 34. Rd6 Ne7 35. Rd7 Qe8 36. c6 Rxc6 37. Nxe7 Qxd7 38. Nxc6 a5 39. Qe4+
g6 40. Nxa5 Qd1+ 41. Kg2 h5 42. gxh5 Qxh5 43. Qg4 Qh6 44. Nc4 Qf8 45. Qd7+ Kh6
46. Nd6 g5 47. e4 Qb8 48. Nf5+ 1-0

[Event "Brambauer- Bönen"]
[Site "?"]
[Date "2023.10.29"]
[Round "3.4"]
[White "Zimmermann, Dirk"]
[Black "Fuest, Torsten"]
[Result "1/2-1/2"]
[WhiteElo "1867"]
[BlackElo "1907"]
[PlyCount "79"]
[SourceDate "2023.11.07"]

1. d4 Nf6 2. c4 g6 3. Nc3 Bg7 4. e4 d6 5. Nf3 O-O 6. Be2 e5 7. O-O Na6 8. d5
Nc5 9. Qc2 a5 10. Ne1 Ne8 11. f3 f5 12. g3 Bd7 13. Ng2 Qe7 14. Bd2 Bf6 15. b3
Ng7 16. Rab1 fxe4 17. fxe4 Bh3 18. Be3 Bg5 19. Qd2 Bxe3+ 20. Qxe3 b6 21. Rxf8+
Rxf8 22. Rf1 Bd7 23. Ne1 Rxf1+ 24. Bxf1 Ne8 25. Nd1 Nf6 26. Nf2 Qg7 27. Ned3
Nxd3 28. Bxd3 g5 29. h3 h5 30. Bf1 Qg6 31. a3 Kg7 32. b4 axb4 33. axb4 g4 34.
h4 Qh6 35. Qxh6+ Kxh6 36. b5 Be8 37. Bd3 Bg6 38. Kf1 Nd7 39. Bc2 Nc5 40. Ke2
1/2-1/2

[Event "Brambauer- Bönen"]
[Site "?"]
[Date "2023.10.29"]
[Round "3.5"]
[White "Wegner, Stephan"]
[Black "Czeratzki, Michael"]
[Result "0-1"]
[WhiteElo "1823"]
[BlackElo "1862"]
[Annotator "daniel"]
[PlyCount "74"]
[SourceDate "2023.11.07"]

1. e4 e6 2. d4 d5 3. Nc3 dxe4 4. Nxe4 Bd7 5. c4 Bc6 6. Nc3 Nf6 7. Nf3 Bb4 8.
Be2 O-O 9. O-O Bxf3 10. Bxf3 c6 11. Qb3 Bxc3 12. Qxc3 Nbd7 13. Bf4 a5 14. Rad1
Qb6 15. Rfe1 Rfe8 16. a3 a4 17. Re2 Rac8 18. Red2 Qa6 19. g4 Nb6 20. g5 Nfd7
21. Be2 Qa8 22. Kf1 Nf8 23. Rd3 Nbd7 24. Qd2 e5 25. dxe5 Nxe5 26. Re3 Neg6 27.
Rxe8 Rxe8 28. Bg3 Qc8 29. Bd3 $11 Qh3+ 30. Kg1 Qg4 31. Bxg6 hxg6 32. Re1 Rxe1+
33. Qxe1 Ne6 34. Qb4 Nxg5 35. Qxb7 Qe4 36. Qc8+ Kh7 37. h4 Nf3+ 0-1

[Event "Brambauer- Bönen"]
[Site "?"]
[Date "2023.10.29"]
[Round "3.6"]
[White "Jochmann, Christian"]
[Black "Bauch, Olaf"]
[Result "1/2-1/2"]
[WhiteElo "1810"]
[BlackElo "1871"]
[PlyCount "43"]
[SourceDate "2023.11.07"]

1. d4 Nf6 2. Nf3 d5 3. c4 e6 4. Nc3 c6 5. Bg5 Nbd7 6. e3 Qa5 7. Nd2 Bb4 8. Bxf6
Nxf6 9. Qc2 O-O 10. Bd3 h6 11. O-O Re8 12. Rfd1 e5 13. Nb3 Qc7 14. cxd5 exd4
15. Nxd4 Bxc3 16. Qxc3 Nxd5 17. Qd2 Nf6 18. Rac1 Qe5 19. Nf3 Qe7 20. Nd4 Qe5
21. Nf3 Qe7 22. Nd4 1/2-1/2

[Event "Brambauer- Bönen"]
[Site "?"]
[Date "2023.10.29"]
[Round "3.7"]
[White "Lenz, Guntram"]
[Black "Thormann, Olaf"]
[Result "1-0"]
[WhiteElo "1833"]
[BlackElo "1745"]
[PlyCount "95"]
[SourceDate "2023.11.07"]

1. d4 d5 2. c4 c6 3. Nc3 Nf6 4. Nf3 Bf5 5. e3 e6 6. Nh4 Bg6 7. Nxg6 hxg6 8. Qb3
Qc7 9. g3 Ng4 10. h3 Bd6 11. Bg2 Nf6 12. Bd2 Nbd7 13. Rc1 dxc4 14. Qxc4 a6 15.
b4 Nb6 16. Qb3 Qe7 17. a3 Nfd5 18. Ne4 Nd7 19. Nxd6+ Qxd6 20. Qb2 Qe7 21. e4
N5b6 22. O-O Rd8 23. d5 cxd5 24. exd5 O-O 25. dxe6 Qxe6 26. Rfe1 Qf5 27. g4 Qd3
28. Bc3 Na4 29. Qd2 Ne5 30. Rxe5 Qxd2 31. Bxd2 Rxd2 32. Bxb7 Rd3 33. Ra5 Nb2
34. Rxa6 Nd1 35. Rc2 Re8 36. Kg2 Re1 37. Bf3 Nc3 38. Rc6 Nb1 39. Re2 Rxe2 40.
Bxe2 Rxa3 41. Rc8+ Kh7 42. Rc5 Rb3 43. b5 Nc3 44. Bc4 Rb2 45. Kf3 Rxf2+ 46.
Kxf2 Ne4+ 47. Ke3 Nxc5 48. Bxf7 1-0